Introducción al álgebra lineal

Salvato in:
Dettagli Bibliografici
Autore principale: Anton, Howard (Autore)
Natura: Libro
Lingua:spagnolo
Pubblicazione: Ciudad de México Trillas 1976
Soggetti:
Tags: Aggiungi Tag
Nessun Tag, puoi essere il primo ad aggiungerne!!

MARC

LEADER 00000nam a2200000 a 4500
001 UCQ8879
003 CL-VaPUC
008 981217e19760000MX |||||||||||||||||spa|d
082 0 4 |a 512.5  |b ANT  |2 21 
100 0 |a Anton, Howard  |e author  |9 423180 
245 1 0 |a Introducción al álgebra lineal 
300 |a 356 p 
942 |c BK 
945 |d 19981217 00:00:00  |a crobeson 
260 |a Ciudad de México  |b Trillas  |c 1976 
650 0 |a Álgebra lineal   |9 260445 
650 0 |a Ecuaciones lineales   |9 342219 
650 7 |a DETERMINSNTES  |2 CL-VaPUC  |9 423181 
650 0 |a Espacios vectoriales   |9 21 
650 0 |a Transformaciones lineales  |9 24 
650 7 |a FORMAS CUADRATICAS  |2 CL-VaPUC  |9 270195 
650 0 |a Métodos numéricos  |9 259314 
583 |a last modification  |c 19981217 00:00:00  |k Rodrigo Vera 
999 |c 278049  |d 278047 
952 |0 0  |1 0  |4 0  |6 512_500000000000000_ANT_1976  |7 0  |8 A  |9 316377  |a BIBMAT  |b BIBMAT  |d 2019-11-20  |i 1304305  |o 512.5 ANT 1976  |p 1304305  |r 2025-01-07  |w 2019-11-20  |y BK  |k MAT